00408 a2200145 450000100060000004000240000610000230003024000260005324500210007930000070010065000260010794200070013395201050014099900170024548040 cAnchieta - Aquarius aAlencar, José de10aA pata da gazelalpor10aA pata da gazela a63 4aLiteratura brasileira cBK 00104070a87.1b87.1d2023-11-21l0o869.93 ALE PATp7147/AQUr2023-11-21 15:14:57w2023-11-21yBK c48040d48040